000 00989nam a2200229Ia 4500
003 Ost
005 20260507075354.0
008 260507s9999||||xx |||||||||||||| ||und||
020 _a2157199579
040 _cfsecg
041 _aara
082 _a330
100 _aالعبود، عبد الأمير رحيمة
_eمؤلف
245 0 _aدراسات في الإقتصاد الدولي :
_bآراء اقتصادية واجتماعية /
_c عبد الأمير رحيمة العبود
260 _aعمان:
_bدار دجلة ناشرون وموزعون,
_c2011
300 _a527 صفحة؛
_bإيضاحات ؛
_c24 سم
520 _aحرب العملات مظاهرها وتطورها في ظل التحولات في النظام النقدي الدولي- أزمة النقد الدولي في النظام الرأسمالي
653 _aالإقتصاد
653 _aالإقتصاد الدولي
653 _aدراسات- الإقتصاد الدولي
942 _cكتاب
999 _c44190
_d44190